| 000 | 00498nam a2200157Ia 4500 | ||
|---|---|---|---|
| 008 | 150610s9999 xx 000 0 und d | ||
| 020 | _a0 316057908 | ||
| 050 |
_aBF448 _b.G5 2005 |
||
| 100 | _aGladwell, Malcolm | ||
| 245 |
_aBlink: _bthe power of thinking without thinking / _cMalcolm Gladwell. |
||
| 250 | _a1st international mass market pbk. ed. | ||
| 260 |
_aNew York : _b Little, Brown, _c2005. |
||
| 300 |
_a287pages ; _c18 cm. |
||
| 520 | _aDecision making. | ||
| 650 | _xIntuition. | ||
| 999 |
_c288125 _d288125 |
||